| 000 | 00442nam a2200169 a 4500 | ||
|---|---|---|---|
| 001 | 0000-9344 | ||
| 003 | ELIB.Books | ||
| 008 | 110520 0000 | ||
| 035 | _a(ELIB.Books)0000-9496 | ||
| 082 |
_a261.1 _bPow |
||
| 100 | _aPowell Sidney W. | ||
| 245 | _aWhere Are The People? | ||
| 260 |
_bNew York: Abindon- Cokesbury Press _c0 |
||
| 650 | _aChristian Church - Society | ||
| 942 |
_2ddc _cBK |
||
| 998 |
_cbat _e2011-05-20 |
||
| 999 |
_c9344 _d9344 |
||